000 00659nam a2200205Ia 4500
003 GCL
008 140319s9999 xx 000 0 ara d
040 _aGCL /
_cGCL
082 0 4 _aد
_b050
_bد هـ
245 1 0 _aالهلال فبراير 2000 : العولمة ديانة جديدة
260 _aالقاهرة :
_bدار الهلال للطباعة والنشر ،
_c2000
650 0 4 _aالقصص القصيرة
650 0 4 _aتحرير المراة
650 0 4 _aام كلثوم
650 0 4 _aالسينما العربية
650 0 4 _aالفن الشعبى
650 0 4 _aاحمد بهاءالدين
650 0 4 _aالعولمة
942 _2ddc
_cCR
999 _c6755
_d6755